Football Knowledge Quiz (HARD) - Statistics

General Stats
  • This quiz has been taken 7 times
  • The average score is 1 of 5
Answer Stats
Hint Answer % Correct
What was the score between the game played between Lazio and Parma on September 8 1993? 2-1
86%
How much were Man City fined for wasting time during the 2023-2024 season? £2 million
43%
What was the ball used for the first game of the 2001-2002 La Liga season? Nike Geo Merlin
14%
How many people watched the final game of the 1987-1988 season at Anfield? 30,374
0%
Why did the manager of Serbian side Crvena Zvezda get a red card in 2019? He was involved in a heated altercation with the referee
0%
No matching quizzes found
Score Distribution
Percent of People with Each Score
Percentile by Number Answered
Your Score History
You have not taken this quiz